Search the Library Catalogue
| 000 -LEADER | |
|---|---|
| fixed length control field | 00942nam a2200229Ia 4500 |
| 008 - FIXED-LENGTH DATA ELEMENTS--GENERAL INFORMATION | |
| fixed length control field | 191130s2008##################000#0#eng## |
| 020 ## - INTERNATIONAL STANDARD BOOK NUMBER | |
| ISBN | 9780486466750 |
| 082 ## - DEWEY DECIMAL CLASSIFICATION NUMBER | |
| Classification number | 512.9434 FIE |
| 100 ## - MAIN ENTRY--AUTHOR NAME | |
| Personal name | Fiedler, Miroslav |
| 245 ## - TITLE STATEMENT | |
| Title | Special matrices and their applications in numerical mathematics |
| Statement of responsibility, etc | Miroslav Fiedler |
| 250 ## - EDITION STATEMENT | |
| Edition statement | 2nd ed |
| 260 ## - PUBLICATION, DISTRIBUTION, ETC. (IMPRINT) | |
| Place of publication | Mineola, NY |
| Name of publisher | Dover Publications |
| Year of publication | 2008 |
| 300 ## - PHYSICAL DESCRIPTION | |
| Number of Pages | xiii, 364 p. : ill. ; 22 cm |
| 500 ## - GENERAL NOTE | |
| General note | Translation of: Speciální matice a jejich použití v numerické matematice. Originally published: Dordrecht ; Boston : Martinus Nijhoff Publishers ; Hingham, MA, USA : Distributors for the U.S. and Canada, Kluwer Boston, 1986.Includes bibliographical references (p. 355-359) and index |
| 650 ## - SUBJECT ADDED ENTRY--TOPICAL TERM | |
| Topical Term | Matrices |
| Topical Term | Numerical analysis |
| 991 ## - | |
| -- | 164021 |
| Withdrawn status | Lost status | Damaged status | Not for loan | Home library | Current library | Shelving location | Date acquired | Full call number | Accession Number | Price effective from | Koha item type |
|---|---|---|---|---|---|---|---|---|---|---|---|
| Anna Centenary Library | Anna Centenary Library | 5TH FLOOR, A WING | 15.10.2020 | 512.9434 FIE | 386210 | 15.10.2020 | English Books | ||||
| Anna Centenary Library | Anna Centenary Library | 5TH FLOOR, A WING | 15.10.2020 | 512.9434 FIE | 386211 | 15.10.2020 | English Books |